[Event "ROM-ch U08"]
[Site "Baile Felix"]
[Date "2017.02.07"]
[Round "7"]
[White "Dragos, Filip"]
[Black "Mihalea, Pavel Teodor"]
[Result "1-0"]
[WhiteElo "1074"]
[BlackElo "1001"]
[PlyCount "40"]
[EventDate "2017.02.02"]
[EventType "swiss"]
[EventRounds "9"]
[EventCountry "ROU"]
[SourceTitle "CBM 176 Extra"]
[Source "ChessBase"]
[SourceDate "2017.03.02"]
[SourceVersion "1"]
[SourceVersionDate "2017.03.02"]
[SourceQuality "1"]

1. e4 e5 2. Nf3 Nc6 3. Nc3 Bc5 4. h3 Nf6 5. Bb5 0-0 6. Bxc6 dxc6 7. Na4 Bd6 8. c4 b5 9. cxb5 cxb5 10. Nc3 b4 11. Nb5 Bc5 12. Qc2 Bb6 13. Nxe5 Ba6 14. Qa4 Bxb5 15. Qxb5 Nxe4 16. Qxb4 Nxf2 17. Rf1 a5 18. Qc3 f6 19. Qc4+ Rf7 20. Qxf7+ Kh8 1-0

[Event "ROM-ch U08"]
[Site "Baile Felix"]
[Date "2017.02.05"]
[Round "4"]
[White "Sava, Robert Gabriel"]
[Black "Dragos, Filip"]
[Result "1-0"]
[WhiteElo "1025"]
[BlackElo "1074"]
[PlyCount "35"]
[EventDate "2017.02.02"]
[EventType "swiss"]
[EventRounds "9"]
[EventCountry "ROU"]
[SourceTitle "CBM 176 Extra"]
[Source "ChessBase"]
[SourceDate "2017.03.02"]
[SourceVersion "1"]
[SourceVersionDate "2017.03.02"]
[SourceQuality "1"]

1. e4 e6 2. d4 c6 3. Nc3 Nf6 4. Bg5 Be7 5. Nf3 0-0 6. e5 Nd5 7. Nxd5 cxd5 8. Bxe7 Qxe7 9. Qc1 h6 10. Qf4 g5 11. Qf6 Qb4+ 12. c3 Qxb2 13. Rd1 Qxc3+ 14. Rd2 Nc6 15. Qxh6 Rd8 16. Nxg5 Nb4 17. Qh7+ Kf8 18. Qxf7# 1-0